| Поле | Инд. | ПП | Название | Значение |
|---|---|---|---|---|
| Тип записи | a | |||
| Библиографический уровень | m | |||
| 001 | Контрольный номер | 0552f278-3e46-43b5-b89c-cc5d4441284c | ||
| 005 | Дата корректировки | 20131029151525.7 | ||
| 008 | Кодируемые данные | 000324 d | ||
| 020 | c | Цена, тираж | 16.40 | |
| 040 | a | Служба первич. каталог. | НБ ТвГУ | |
| 041 | a | Код языка текста | rus | |
| 080 | a | Индекс УДК | 343.919 | |
| 084 | a | Индекс другой классификации/Индекс ББК | Х629.55 | |
| 090 | c | Каталожный индекс | Х629.55 | |
| x | Авторский знак | С89 | ||
| a | Полочн. индекс | Х629.5 | ||
| 245 | 0_ | a | Заглавие | Судебный процесс по уголовному делу агента английской и американской разведок гражданина СССР Пеньковского О.В. и шпиона-связника подданного Великобритании Винна Г.М. 7-11 мая 1963 г. |
| 260 | 0_ | a | Место издания | Москва |
| b | Издательство | Политиздат | ||
| c | Дата издания | 1963 | ||
| 300 | a | Объем | 318,[2] с. | |
| 583 | a | Действие | Получение впервые 204 11.03.99 | |
| k | Исполнитель действия | Дар Ларина А.М. | ||
| 650 | a | Основная рубрика | СУДЕБНЫЕ ПРОЦЕССЫ | |
| z | Географическая подрубрика | СССР | ||
| 653 | a | Ключевые слова | Судебные процессы | |
| a | Ключевые слова | Уголовные процессы | ||
| a | Ключевые слова | Пеньковский | ||
| a | Ключевые слова | Винн | ||
| 852 | t | Порядковый номер экземпляра | 1 | |
| p | Инвентарный номер | 706762 | ||
| 888 | a | Бесплатные | ||
| 952 | p | 204.99 16.40 1 706762 | ||
| c | Вид литературы | К р | ||
| 954 | a | Дата поступления на обработку | 19990323 | |
| 999 | a | Подразделение 2 | Фил1 |